01089nam a2200217 i 4500001000700000003000900007005001700016008004100033080002200074100004900096245016100145260007700306300003700383490007900420651004200499710007300541830008700614852002500701999001900726952012600745181778ES-MaACL20230906221443.0130326s1926 sp | |||| ||spa d a904(460.32 Ibiza)1 aRomán Ferrer, Carlos (d1887-1939)915247410aExcavaciones en Ibiza b: memoria de los resultados obtenidos en las excavaciones practicadas en 1924 / credactada por el delegado-director Carlos Román. aMadrid : b[s.n.], c1926 (fTip. de la "Rev. de Arch., Bibl. y Museos") a34 p., V h. de lám. ; c25 cm.1 aJunta Superior de Excavaciones y Antigüedades ; vn. 80 = n. 10, 1924-25 4aIbiza-xRestos arqueológicos.988332 aEspaña. bJunta Superior de Excavaciones y Antigüedades.91524630 aJunta Superior de Excavaciones y Antigüedades ; vn. 80 = n. 10, 1924-259191570 aES-MaACLjE-3374(10) c181778d181778 00104070aATENEOMbATENEOMcDEPO2d2013-03-26eDONl0oE-3374(10)p1191028r2023-02-23 00:00:00w2023-02-23yMONOGRAFIA